Invariant theory, old and new /
Guardado en:
| Autor Principal: | |
|---|---|
| Otros Autores: | |
| Formato: | Libro |
| Idioma: | English |
| Publicado: |
New York :
Academic Press,
1971.
|
| Etiquetas: |
Agregar Etiqueta
Sin Etiquetas, Sea el primero en etiquetar este registro!
|
| LEADER | 00681nam a22002055 4500 | ||
|---|---|---|---|
| 001 | MAT.inmabb002033 | ||
| 008 | 710608r19711970nyu######b####000#0#eng#d | ||
| 005 | 20170615123408.0 | ||
| 245 | 1 | 0 | |a Invariant theory, old and new / |c Jean A. Dieudonné, James B. Carrell. |
| 260 | |a New York : |b Academic Press, |c 1971. | ||
| 300 | |a viii, 85 p. ; |c 24 cm. | ||
| 500 | |a Reimpresión de: Advances in mathematics, v. 4, no. 1, Feb. 1970. | ||
| 504 | |a Bibliografía: p. 85. | ||
| 510 | 4 | |a MR, |c 43 #4828 | |
| 020 | |a 0122155408 | ||
| 100 | 1 | |a Dieudonné, Jean Alexandre, |d 1906- | |
| 700 | 1 | |a Carrell, James B. | |
| 084 | |a 14.50 |2 MR | ||
| 010 | |a 79153663 | ||
| 859 | |h 14 |i D567i |p A-3678 |b BIB. MATEMATICA | ||
